[Event "Indywidualne Mistrzostwa Polski Juniorek - D16"]
[Site "Szczyrk"]
[Date "2013-03-24"]
[Round "3.9"]
[White "Maruszczak, Joanna"]
[Black "Bebel, Agnieszka"]
[Result "1-0"]
[WhiteTitle "I++"]
[BlackTitle "II+"]
[WhiteElo "1803"]
[BlackElo "1507"]

1. e4 e5 2. f4 d5 3. exd5 exf4 4. Bc4 Nf6 5. Nc3 c6 6. dxc6 Nxc6 7. Nf3 Bd6 8.
O-O O-O 9. d3 Bg4 10. Ne2 Qc7 11. Kh1 Rae8 12. Qd2 Re3 13. Ned4 a6 14. Qf2 Re7
15. Nxc6 Qxc6 16. Nd4 Qb6 17. Nf5 Qxf2 18. Nxe7+ Bxe7 19. Rxf2 Re8 20. Bxf4 Bc5
21. Rd2 b5 22. Bb3 Nh5 23. d4 Nxf4 24. dxc5 Ne6 25. Rf1 Rc8 26. Rd6 a5 27. h3
1-0

[Event "Indywidualne Mistrzostwa Polski Juniorek - D16"]
[Site "Szczyrk"]
[Date "2013-03-24"]
[Round "3.10"]
[White "Rogacka, Natalia"]
[Black "Czaplewska, Klara"]
[Result "1-0"]
[WhiteTitle "II+"]
[BlackTitle "I++"]
[WhiteElo "1484"]
[BlackElo "1730"]

1. e4 e5 2. Nc3 Nf6 3. f4 d5 4. fxe5 Nxe4 5. Nf3 Be7 6. d3 Nxc3 7. bxc3 O-O 8.
Be2 Nc6 9. d4 Bg4 10. O-O f6 11. exf6 Bxf6 12. Rb1 b6 13. Be3 Qe7 14. Bf2 Na5
15. h3 Bd7 16. Re1 Qf7 17. Bg3 Qg6 18. Kh2 c6 19. Bd3 Qf7 20. Ne5 Bxe5 21. Bxe5
Bf5 22. Rf1 Qg6 23. Rf3 Rf7 24. Rg3 Qe6 25. Qh5 Bxd3 26. cxd3 Re8 27. Rf1 Rxf1
28. Rxg7+ Kf8 29. Qxh7 Rf7 30. Rxf7+ Qxf7 31. Bd6+ Re7 32. Qh8+ Qg8 33. Bxe7+
Kf7 34. Qxg8+ Kxg8 35. g4 Kf7 36. Bb4 Nb7 37. Kg3 c5 38. dxc5 bxc5 39. Ba3 c4
40. dxc4 dxc4 41. Kf4 Nd8 42. h4 Ne6+ 43. Ke5 Nc7 44. h5 Ne8 45. g5 Kg7 46. Kd4
1-0

[Event "Indywidualne Mistrzostwa Polski Juniorek - D16"]
[Site "Szczyrk"]
[Date "2013-03-24"]
[Round "3.11"]
[White "Burakowska, Gabriela"]
[Black "Wicikowska, Agata"]
[Result "1-0"]
[WhiteTitle "I"]
[BlackTitle "I"]
[WhiteElo "1648"]
[BlackElo "1495"]

1. d4 d5 2. Nf3 Nf6 3. Bf4 e6 4. e3 c5 5. c4 b6 6. Nc3 Bb7 7. cxd5 Nxd5 8. Bxb8
Nxc3 9. bxc3 Bxf3 10. Qxf3 Qxb8 11. Bb5+ Kd8 12. Bc6 cxd4 13. Bxa8 dxc3 14. O-O
Bd6 15. h3 Ke7 16. Qb7+ Qxb7 17. Bxb7 a5 18. Be4 b5 19. Rfd1 b4 20. Bc2 Rc8 21.
Rd3 Rc7 22. Rad1 Bc5 23. Ba4 Kf6 24. Rd7 Rc8 25. Rd8 1-0

[Event "Indywidualne Mistrzostwa Polski Juniorek - D16"]
[Site "Szczyrk"]
[Date "2013-03-24"]
[Round "3.12"]
[White "Prokopowicz, Anna"]
[Black "Binkowska, Agata"]
[Result "0-1"]
[WhiteTitle "I"]
[BlackTitle "I"]
[WhiteElo "1347"]
[BlackElo "1637"]

1. e4 e6 2. d4 d5 3. e5 c5 4. dxc5 Bxc5 5. Bd3 Qb6 6. Qe2 Nc6 7. Nf3 Bd7 8. c3
f6 9. exf6 Nxf6 10. O-O O-O 11. Bg5 e5 12. Bxf6 Rxf6 13. b4 Bd6 14. Nfd2 e4 15.
Bc2 Nxb4 16. Bb3 Bb5 17. Qd1 Bxf1 18. Qxf1 Rxf2 19. Qc1 Raf8 20. Kh1 Rxg2 0-1

[Event "Indywidualne Mistrzostwa Polski Juniorek - D16"]
[Site "Szczyrk"]
[Date "2013-03-24"]
[Round "3.13"]
[White "Fraczek, Weronika"]
[Black "Rudnik, Anna"]
[Result "1/2-1/2"]
[WhiteTitle "II+"]
[BlackTitle "I"]
[WhiteElo "1435"]
[BlackElo "1593"]

1. e4 e5 2. Nf3 Nc6 3. Bb5 a6 4. Ba4 Nf6 5. d3 d6 6. c3 Be7 7. O-O O-O 8. Re1 b5
9. Bb3 Na5 10. Bc2 c5 11. Nbd2 Nc6 12. a4 Rb8 13. axb5 axb5 14. Nf1 h6 15. Ng3
Nh7 16. d4 Qc7 17. d5 Na5 18. Nd2 Bd7 19. b4 Nb7 20. Bd3 Bg5 21. Nf5 g6 22. Ne3
Nf6 23. Nf3 Nh7 24. Nxg5 Nxg5 25. Ng4 Bxg4 26. Qxg4 cxb4 27. Bxg5 hxg5 28. cxb4
Qc3 29. Bxb5 Qxb4 30. Rab1 Qd2 31. h4 gxh4 32. Qxh4 Kg7 33. Rbd1 Qb4 34. Rb1 Qa5
35. Bf1 Rbc8 36. Ra1 Qb6 37. Ba6 Rb8 38. Bxb7 Rxb7 39. g4 Rh8 40. Qg3 Qd8 41.
Kg2 Rb4 42. Rab1 Qb6 43. Rxb4 Qxb4 44. Qe3 Qc4 45. Qe2 Qc3 46. Qe3 Qc8 47. Qg3
Qc2 48. Qf3 Qd2 49. Qe3 Qb4 50. Rh1 Rxh1 51. Kxh1 Qa4 52. Qf3 Qc2 53. Kg2 1/2-1/2

[Event "Indywidualne Mistrzostwa Polski Juniorek - D16"]
[Site "Szczyrk"]
[Date "2013-03-24"]
[Round "3.15"]
[White "Jasiak, Katarzyna"]
[Black "Sokolowska, Anna"]
[Result "0-1"]
[WhiteTitle "II"]
[BlackTitle "I"]
[WhiteElo "1213"]
[BlackElo "1526"]

1. e4 e5 2. Nf3 Nc6 3. d4 exd4 4. Nxd4 Bc5 5. Be3 Qf6 6. c3 Nge7 7. Be2 O-O 8.
O-O d5 9. Nxc6 Qxc6 10. exd5 Nxd5 11. Bf3 Nxe3 12. fxe3 Bxe3+ 13. Kh1 Qh6 14.
g3 c6 15. Na3 Be6 16. Nc2 Rad8 17. Nd4 c5 18. Qe2 cxd4 19. cxd4 Rxd4 20. Rad1
Bc4 21. Qg2 Bxf1 22. Qxf1 Rxd1 23. Qxd1 Bf2 24. Kg2 Bb6 25. Bxb7 Rd8 26. Qf1 Rd2+
0-1

[Event "Indywidualne Mistrzostwa Polski Juniorek - D16"]
[Site "Szczyrk"]
[Date "2013-03-24"]
[Round "3.16"]
[White "Szczesniak, Zuzanna"]
[Black "Swiech, Zuzanna"]
[Result "0-1"]
[WhiteTitle "II"]
[BlackTitle "II"]
[WhiteElo "1421"]
[BlackElo "1481"]

1. c4 e5 2. Nc3 Nc6 3. g3 g6 4. Bg2 Bg7 5. e4 d6 6. Nge2 Nge7 7. d3 O-O 8. O-O
f5 9. f4 fxe4 10. Bxe4 Bf5 11. Bg2 Rb8 12. a3 Qd7 13. Nd5 a6 14. Nec3 Nd4 15.
Nxe7+ Qxe7 16. Nd5 Qd7 17. fxe5 Bxe5 18. Bf4 Bg4 19. Qb1 Bxf4 20. Nxf4 Nb3 21.
Bd5+ Kh8 22. Re1 Nxa1 23. Qxa1 c6 24. Bg2 Rbe8 25. h3 Bf5 26. b4+ Qg7 27. Qd1
Qd4+ 28. Kh2 Re5 29. Rxe5 Qxe5 30. d4 Qe3 31. Qa1 Kg8 32. a4 Qb3 33. d5 Qxc4 34.
dxc6 bxc6 35. Qb2 Be4 36. Bxe4 Qxe4 37. Qb3+ d5 38. b5 axb5 39. axb5 Rb8 40. Qa2
Rxb5 41. Qa8+ Kg7 42. Nh5+ Kh6 43. Qf8+ Kxh5 44. g4+ Kg5 45. Qd8+ Kf4 46. Qf6+
Ke3 47. Qc3+ Qd3 48. Qe5+ Kd2 49. Qf4+ Kc2 50. Qa4+ Qb3 0-1

[Event "Indywidualne Mistrzostwa Polski Juniorek - D16"]
[Site "Szczyrk"]
[Date "2013-03-24"]
[Round "3.17"]
[White "Burdzy, Joanna"]
[Black "Kowacz, Agnieszka"]
[Result "1-0"]
[WhiteTitle "I"]
[BlackTitle "II"]
[WhiteElo "1529"]
[BlackElo "1378"]

1. e4 e6 2. d4 d5 3. Nc3 dxe4 4. Nxe4 Nd7 5. Nf3 Ngf6 6. Ng3 c5 7. c3 b6 8. Bc4
Bb7 9. Be3 cxd4 10. Bxd4 Bc5 11. Bxc5 Nxc5 12. Bb5+ Nfd7 13. O-O O-O 14. b4 a6
15. Be2 Ne4 16. Qc2 Nxg3 17. fxg3 Nf6 18. Ng5 Qd5 19. Bf3 Qxg5 20. Bxb7 Ra7 21.
Bf3 Nd5 22. Bxd5 Qxd5 23. Rad1 Qc6 24. c4 Rc7 25. Rf4 Rd7 26. Rfd4 Rfd8 27. Rxd7
Rxd7 28. h3 Rxd1+ 29. Qxd1 h6 30. Qd8+ Kh7 31. Qd3+ Kg8 32. Kh2 g6 33. Qd4 Kh7
34. c5 b5 35. Qd6 Qc8 36. c6 e5 37. c7 g5 38. Qd8 Qf5 39. c8=Q Kg6 40. Qg8+ 1-0

[Event "Indywidualne Mistrzostwa Polski Juniorek - D16"]
[Site "Szczyrk"]
[Date "2013-03-24"]
[Round "3.18"]
[White "Rynkiewicz, Natalia"]
[Black "Szablicka, Magda"]
[Result "0-1"]
[WhiteTitle "II"]
[BlackTitle "II"]
[WhiteElo "1357"]
[BlackElo "1451"]

1. e4 e5 2. Nf3 Nc6 3. Bc4 Bc5 4. c3 d6 5. d3 h6 6. Be3 Bb6 7. b4 Nf6 8. h3 O-O
9. Nbd2 Be6 10. a4 Ne7 11. a5 Bxe3 12. fxe3 d5 13. Ba2 Ng6 14. Qe2 c5 15. O-O
cxb4 16. cxb4 dxe4 17. Nxe4 Nxe4 18. dxe4 Bxa2 19. Rxa2 b6 20. a6 Qe7 21. b5 Rac8
22. Rb2 Qc5 23. Rf2 Qc4 24. Qc2 Rc7 25. Qb1 Rfc8 26. Rfe2 Rc5 27. Kf2 Kf8 28.
Ne1 Qe6 29. Rbc2 f6 30. Rxc5 Rxc5 31. Rc2 Rxc2+ 32. Qxc2 Qd7 33. Qd3 Ke7 34. Ke2
Nf8 35. Kd2 Ne6 36. Qxd7+ Kxd7 37. Nd3 Nc7 38. Kc3 Nxb5+ 39. Kb4 Kc6 40. Nf2 Nc7
41. Nd3 Nxa6+ 42. Kc4 b5+ 43. Kb3 Nc5+ 44. Nxc5 Kxc5 45. Kc3 a5 46. Kb3 b4 0-1

[Event "Indywidualne Mistrzostwa Polski Juniorek - D16"]
[Site "Szczyrk"]
[Date "2013-03-24"]
[Round "3.20"]
[White "Mielczarek, Joanna"]
[Black "Kotula, Magdalena"]
[Result "1/2-1/2"]
[WhiteTitle "I"]
[BlackTitle "I"]
[WhiteElo "1470"]
[BlackElo "1520"]

1. e4 c5 2. Nf3 a6 3. d4 cxd4 4. Nxd4 Nf6 5. Nc3 e5 6. Nf5 d5 7. a3 d4 8. Ne2 Nxe4
9. Nfg3 Nf6 10. Bg5 Be7 11. Bxf6 Bxf6 12. Ne4 Nc6 13. N2g3 Be7 14. Bc4 f5 15.
Nd2 e4 16. O-O Ne5 17. Ba2 Bc5 18. Kh1 Ng4 19. h3 Qh4 20. Qe2 Bd6 21. Ngxe4 fxe4
22. Nxe4 Be7 23. Nd6+ Kd7 24. Nf7 Rf8 25. Qxg4+ Qxg4 26. hxg4 Kc7 27. Rae1 Bc5
28. f3 Bd7 29. Ng5 h6 30. Ne6+ Bxe6 31. Rxe6 Rfe8 32. Rfe1 Kd7 33. Bd5 Rxe6 34.
Rxe6 Kc7 35. Rg6 Bf8 36. Kg1 Re8 37. Be4 Rd8 38. Kf1 Rd6 39. Ke2 Rxg6 40. Bxg6
Bd6 41. Kd3 Be5 42. b3 Kd6 43. Kc4 b6 44. b4 b5+ 45. Kd3 Bf4 46. Kxd4 Bc1 47.
Be4 Bxa3 48. c3 Kc7 49. Kd3 Kb6 50. Kc2 a5 51. bxa5+ Kxa5 52. g5 hxg5 53. Kb3
Bd6 54. Bd3 1/2-1/2

[Event "Indywidualne Mistrzostwa Polski Juniorek - D16"]
[Site "Szczyrk"]
[Date "2013-03-24"]
[Round "3.21"]
[White "Wilk, Oktawia"]
[Black "Rylska, Kamila"]
[Result "1-0"]
[WhiteTitle "I"]
[BlackTitle "II"]
[WhiteElo "1506"]
[BlackElo "1348"]

1. e4 e5 2. Nf3 Nc6 3. Bb5 a6 4. Ba4 Nf6 5. d3 b5 6. Bb3 Bc5 7. O-O O-O 8. c3 Ba7
9. Bg5 d6 10. h3 Be6 11. Nbd2 h6 12. Be3 Qd7 13. Bxe6 Qxe6 14. Qc2 Rfd8 15. d4
d5 16. dxe5 Bxe3 17. fxe3 Nxe5 18. Nd4 Qb6 19. Rae1 Re8 20. b3 Rad8 21. Kh1 c5
22. Nf5 dxe4 23. Nxe4 Nxe4 24. Qxe4 Nd3 25. Qg4 Qg6 26. Re2 Qxg4 27. hxg4 Ne5
28. Rf4 Rd5 29. c4 Rd1+ 30. Kh2 Nd3 31. Rf3 bxc4 32. Nd6 Re5 33. Nxc4 Re4 34.
Rxf7 Rxg4 35. Ra7 Rf1 36. Rxa6 Nf2 37. g3 Ne4 38. Rg2 Rg5 39. g4 h5 40. Re6 Nf2
41. Ne5 hxg4 42. Re8+ Kh7 43. Rh8+ Kxh8 44. Nf7+ Kg8 45. Nxg5 Nd3 46. Rxg4 Ra1
47. Ra4 Nb4 48. Ra8# 1-0

[Event "Indywidualne Mistrzostwa Polski Juniorek - D16"]
[Site "Szczyrk"]
[Date "2013-03-24"]
[Round "3.22"]
[White "Leszczewska, Edyta"]
[Black "Rolka, Anna"]
[Result "1-0"]
[WhiteTitle "II"]
[BlackTitle "II"]
[WhiteElo "1389"]
[BlackElo "1491"]

1. e4 c5 2. Nc3 e6 3. f4 d6 4. Nf3 a6 5. Be2 b5 6. d3 Bb7 7. O-O Nd7 8. Be3 Qc7
9. Qe1 g6 10. f5 Bg7 11. fxe6 fxe6 12. Ng5 Ndf6 13. Nxe6 Qe7 14. Nxg7+ Qxg7 15.
Qg3 Qe7 16. Bg5 Qe6 17. Qh4 Kf7 18. Bg4 Qe5 19. Rae1 Kg7 20. Bf4 Qe7 21. e5 Nxg4
22. Qxg4 d5 23. Bg5 Qc7 24. e6 Rf8 25. e7 Re8 26. Bf4 Qc8 27. Qxc8 Bxc8 28. Be5+
Kh6 29. Bxh8 Rxe7 30. Rxe7 Nxe7 31. Bf6 d4 32. Bxe7 dxc3 33. bxc3 c4 34. d4 Bf5
35. Rxf5 gxf5 36. d5 Kg6 37. d6 Kf7 38. Kf2 Ke6 39. Kf3 1-0

[Event "Indywidualne Mistrzostwa Polski Juniorek - D16"]
[Site "Szczyrk"]
[Date "2013-03-24"]
[Round "8.1"]
[White "Harazinska, Ewa"]
[Black "Dadello, Aleksandra"]
[Result "1-0"]
[WhiteTitle "k"]
[BlackTitle "I++"]
[WhiteElo "2019"]
[BlackElo "1909"]

1. d4 c5 2. e4 d6 3. Nf3 Nf6 4. Nc3 g6 5. dxc5 dxc5 6. Qxd8+ Kxd8 7. Ng5 Be6 8.
Nxe6+ fxe6 9. e5 Nd5 10. Ne4 b6 11. Ng5 Kd7 12. Bb5+ Nc6 13. Bxc6+ Kxc6 14. Nxe6
Nb4 15. Kd1 Kd7 16. Ng5 Bg7 17. f4 h6 18. Nf3 Ke6 19. a3 Rad8+ 20. Bd2 Nd5 21.
Ke2 Rhf8 22. g3 Nc7 23. c4 g5 24. Rad1 g4 25. Nh4 Rd4 26. Bc3 Rxc4 27. f5+ Kf7
28. e6+ Kg8 29. Bxg7 Kxg7 30. Rd7 Nb5 31. Rxe7+ Kf6 32. Rh7 Rd8 33. Rf7+ Kg5 34.
Re1 Rc2+ 35. Kf1 Rdd2 36. e7 Rxh2 37. Rg7+ 1-0

[Event "Indywidualne Mistrzostwa Polski Juniorek - D16"]
[Site "Szczyrk"]
[Date "2013-03-24"]
[Round "8.2"]
[White "Wozniak, Mariola"]
[Black "Murawko, Katarzyna"]
[Result "0-1"]
[WhiteTitle "WCM"]
[BlackTitle "I++"]
[WhiteElo "1982"]
[BlackElo "1873"]

1. e4 c5 2. Nf3 e6 3. d4 cxd4 4. Nxd4 a6 5. Nc3 b5 6. Bd3 Qb6 7. Nf3 Qc7 8. O-O
Bb7 9. e5 d5 10. exd6 Qxd6 11. a4 b4 12. Ne4 Qc7 13. Bd2 Nc6 14. c3 Nf6 15. Nxf6+
gxf6 16. Rc1 b3 17. Qxb3 Rg8 18. Bf4 Na5 19. Qxe6+ fxe6 20. Bxc7 Bxf3 21. Bg3
Bd5 22. c4 Bc6 23. Rfe1 Kf7 24. c5 Rg4 25. b3 Bd5 26. f3 Rb4 27. Bxh7 Nxb3 0-1

[Event "Indywidualne Mistrzostwa Polski Juniorek - D16"]
[Site "Szczyrk"]
[Date "2013-03-24"]
[Round "8.3"]
[White "Kiolbasa, Oliwia"]
[Black "Maruszczak, Joanna"]
[Result "1/2-1/2"]
[WhiteTitle "WFM"]
[BlackTitle "I++"]
[WhiteElo "1897"]
[BlackElo "1803"]

1. e4 c5 2. Nf3 Nc6 3. d4 cxd4 4. Nxd4 g6 5. c4 Nf6 6. Nc3 d6 7. Be2 Nxd4 8. Qxd4
Bg7 9. Be3 O-O 10. Qd2 Be6 11. Rc1 Qa5 12. O-O Rfc8 13. b3 a6 14. f3 Nd7 15. Nd5
Qxd2 16. Bxd2 Bxd5 17. cxd5 Bd4+ 18. Kh1 Bb2 19. Rxc8+ Rxc8 20. Bd3 Bd4 21. Rc1
Rxc1+ 22. Bxc1 Kg7 23. g3 Nc5 24. Bc2 b5 25. Ba3 Bc3 26. Bxc5 dxc5 27. f4 f6 28.
Kg2 Kf7 29. Kf3 Bd4 30. Bd3 Ke8 31. Be2 Kf7 32. a4 bxa4 33. bxa4 a5 34. Bb5 e5
35. dxe6+ Kxe6 36. Bc4+ Ke7 37. h4 h6 38. Kg4 Bf2 39. Kf3 Bd4 40. Kg4 Bf2 41.
Kf3 Bd4 42. Ke2 Bc3 43. Kf2 Bd4+ 44. Kf3 Bc3 45. Ke2 Bd4 46. Bd3 Bc3 47. Kf3 Bd4
48. Bc4 1/2-1/2

[Event "Indywidualne Mistrzostwa Polski Juniorek - D16"]
[Site "Szczyrk"]
[Date "2013-03-24"]
[Round "8.5"]
[White "Bebnik, Malgorzata"]
[Black "Lascar, Radoslawa"]
[Result "0-1"]
[WhiteTitle "II+"]
[BlackTitle "I"]
[WhiteElo "1503"]
[BlackElo "1728"]

1. d4 Nf6 2. Nf3 c5 3. c3 e6 4. Nbd2 d5 5. e3 Nbd7 6. Bd3 Be7 7. O-O O-O 8. Re1
b6 9. Nf1 Bb7 10. Ng3 Qc7 11. e4 dxe4 12. Nxe4 Nxe4 13. Bxe4 Nf6 14. Bxb7 Qxb7
15. Bf4 Rfd8 16. Qb3 Rac8 17. Rad1 Nd5 18. Bg3 Qa6 19. Rd2 c4 20. Qd1 Qxa2 21.
Ne5 Bd6 22. Bh4 Bxe5 23. Rxe5 Re8 24. Rg5 f6 25. Rg4 b5 26. Qe1 Qa6 27. Re2 Qb6
28. Qd2 Kh8 29. Rge4 a5 30. Qe1 Rc6 31. g4 b4 32. f4 g6 33. f5 gxf5 34. gxf5 Rg8+
35. Kh1 exf5 36. Re8 Rc7 37. Rxg8+ Kxg8 38. Rg2+ Kf7 39. Qg3 Ke6 40. Qg8+ Kd6
41. Bg3+ f4 42. Re2 Re7 43. Rxe7 Nxe7 44. Bxf4+ Kd7 45. Qxh7 bxc3 46. Qh3+ Qe6
47. Qxc3 Qe4+ 48. Kg1 Qxf4 49. Qxc4 Qg4+ 50. Kf2 Qf5+ 51. Kg3 Nd5 52. Qb5+ Ke7
53. Qc5+ Kf7 54. Qxa5 Qf4+ 55. Kh3 Qf3+ 56. Kh4 Qf4+ 57. Kh3 Qe3+ 58. Kg4 Qxd4+
59. Kf3 Qe3+ 60. Kg4 f5+ 61. Kh4 Qf2+ 62. Kh5 Qxh2+ 63. Kg5 Qf4+ 64. Kh5 Nf6+
0-1

[Event "Indywidualne Mistrzostwa Polski Juniorek - D16"]
[Site "Szczyrk"]
[Date "2013-03-24"]
[Round "8.6"]
[White "Rudnik, Anna"]
[Black "Jedrocha, Katarzyna"]
[Result "1-0"]
[WhiteTitle "I"]
[BlackTitle "I"]
[WhiteElo "1593"]
[BlackElo "1668"]

1. e4 d6 2. d4 Nf6 3. Nc3 g6 4. Be3 Bg7 5. Be2 O-O 6. f4 c6 7. Bf3 Qb6 8. Rb1 e5
9. h3 Re8 10. Nge2 Na6 11. Qd2 Qa5 12. g4 b5 13. a3 b4 14. axb4 Nxb4 15. Kf2 Rb8
16. f5 d5 17. Ra1 Qd8 18. dxe5 Nxe4+ 19. Bxe4 dxe4 20. Qxd8 Rxd8 21. Bxa7 Rb7
22. f6 Bh6 23. Bc5 e3+ 24. Kg3 Be6 25. Nd4 Bd5 26. Rhe1 Re8 27. b3 Rbb8 28. Ra4
Nxc2 29. Nxc2 Bxb3 30. Nd4 Bxa4 31. Nxa4 Ra8 32. Nb6 Ra5 33. Bd6 c5 34. Nc6 Rb5
35. Nc4 Rb3 36. Ne7+ Kh8 37. Bxc5 Rc3 38. Nd6 Rf8 39. Bd4 Rd3 40. Nc6 Kg8 41.
Kf3 Ra8 42. Ne7+ Kf8 43. Bc5 Rb3 44. h4 e2+ 45. Kf2 Bf4 46. Rxe2 Bg3+ 47. Kg2
Bxh4 48. Ne4 Ke8 49. Be3 Ra1 50. Nd6+ Kf8 51. Bh6+ 1-0

[Event "Indywidualne Mistrzostwa Polski Juniorek - D16"]
[Site "Szczyrk"]
[Date "2013-03-24"]
[Round "8.7"]
[White "Pastuszko, Kinga"]
[Black "Kopica, Paulina"]
[Result "1-0"]
[WhiteTitle "k"]
[BlackTitle "I"]
[WhiteElo "1917"]
[BlackElo "1706"]

1. e4 c6 2. d3 e5 3. Nf3 d6 4. c3 c5 5. d4 cxd4 6. cxd4 Nc6 7. dxe5 dxe5 8. Qxd8+
Kxd8 9. Bc4 f6 10. Be3 Bb4+ 11. Ke2 Nge7 12. a3 Bd6 13. Nc3 a6 14. Bb6+ Ke8 15.
Rhd1 Bb8 16. Nd5 Nxd5 17. Bxd5 Bd7 18. Bf7+ Kxf7 19. Rxd7+ Kg6 20. Nh4+ Kh5 21.
Nf5 g6 22. g4+ Kxg4 23. Rg1+ Kh5 24. Rd3 g5 25. Rh3+ Kg6 26. Rh6+ Kf7 27. Rd1
Ba7 28. Bxa7 Rxa7 29. Rd6 Rd8 30. Rxh7+ Kg8 31. Rg7+ Kh8 32. Rxc6 bxc6 33. Rxa7
Rb8 34. b4 c5 35. bxc5 Rb2+ 36. Kf3 Rb3+ 37. Kg2 Rc3 38. Rc7 1-0

[Event "Indywidualne Mistrzostwa Polski Juniorek - D16"]
[Site "Szczyrk"]
[Date "2013-03-24"]
[Round "8.8"]
[White "Czaplewska, Klara"]
[Black "Kozaczynska, Aleksandra"]
[Result "1/2-1/2"]
[WhiteTitle "I++"]
[BlackTitle "I"]
[WhiteElo "1730"]
[BlackElo "1552"]

1. e4 c5 2. Nf3 d6 3. d4 cxd4 4. Nxd4 Nf6 5. Nc3 g6 6. g3 Bg7 7. Bg2 O-O 8. O-O
Nc6 9. Nxc6 bxc6 10. e5 dxe5 11. Bxc6 Rb8 12. Qxd8 Rxd8 13. Re1 Rd6 14. Bg2 Nd7
15. Nd5 Kf8 16. c4 Bb7 17. Nc3 Bxg2 18. Kxg2 Rd3 19. Ne4 h6 20. c5 f5 21. c6 fxe4
22. cxd7 Rxd7 23. Rxe4 Rd4 24. Re2 Rd1 25. b3 e4 26. Bf4 Rxa1 27. Bxb8 a6 28.
a4 Rb1 29. Rxe4 Rxb3 30. Bc7 Kf7 31. Rc4 Ra3 32. a5 Bc3 33. Rc5 Bb4 34. Rc6 Bxa5
35. Rxa6 Bb4 36. Rc6 Ra2 37. Bf4 h5 38. Be3 Bd2 39. Bxd2 Rxd2 40. Kf3 Ra2 41.
h4 Rb2 42. Ke3 Rb3+ 1/2-1/2

[Event "Indywidualne Mistrzostwa Polski Juniorek - D16"]
[Site "Szczyrk"]
[Date "2013-03-24"]
[Round "8.9"]
[White "Burdzy, Joanna"]
[Black "Jaskiewicz, Kamila"]
[Result "1/2-1/2"]
[WhiteTitle "I"]
[BlackTitle "I"]
[WhiteElo "1529"]
[BlackElo "1663"]

1. e4 c5 2. Nc3 e6 3. g3 d5 4. exd5 exd5 5. Bg2 Nf6 6. d3 d4 7. Ne4 Nxe4 8. Bxe4
Bd6 9. Ne2 Nd7 10. O-O O-O 11. Bf4 Ne5 12. Qd2 Rb8 13. a4 Kh8 14. Bxe5 Bxe5 15.
f4 Bc7 16. f5 h6 17. f6 Be5 18. fxg7+ Kxg7 19. Nf4 Qg5 20. Rf2 f5 21. Bd5 Re8
22. Raf1 Re7 23. Rg2 Kh7 24. Qd1 Bd7 25. Qf3 b6 26. Nh5 Qe3+ 27. Qxe3 dxe3 28.
b3 f4 29. Be4+ Kh8 30. Nxf4 Bxf4 31. Rxf4 Bc6 32. Re2 Bxe4 33. Rxe4 Rxe4 34. dxe4
Kg7 35. Rxe3 Kf6 36. Kg2 Ke5 37. c3 c4 38. b4 Rd8 39. Kf3 Rd2 40. h4 Ra2 41. Kg4
Rxa4 42. Kh5 a5 43. bxa5 bxa5 44. Kxh6 Ra1 45. h5 a4 46. Re2 Rg1 47. Ra2 Kxe4
48. Rxa4 Kd3 49. Ra6 Rxg3 50. Rg6 Rh3 51. Rg5 Kxc3 52. Kg7 Kd2 53. Rg2+ 1/2-1/2

[Event "Indywidualne Mistrzostwa Polski Juniorek - D16"]
[Site "Szczyrk"]
[Date "2013-03-24"]
[Round "8.10"]
[White "Binkowska, Agata"]
[Black "Skrzypczak, Edyta"]
[Result "1/2-1/2"]
[WhiteTitle "I"]
[BlackTitle "II+"]
[WhiteElo "1637"]
[BlackElo "1526"]

1. d4 b5 2. e4 Bb7 3. Nd2 a6 4. c4 bxc4 5. Bxc4 e6 6. Qb3 Qc8 7. Ngf3 Nf6 8. d5
Be7 9. O-O O-O 10. dxe6 dxe6 11. Ng5 Nbd7 12. Bxe6 fxe6 13. Qxe6+ Kh8 14. Qxe7
Re8 15. Qb4 h6 16. Nf7+ Kh7 17. f3 Rb8 18. Qc4 Nb6 19. Qc2 Kg8 20. Qb3 Qe6 21.
e5 Nfd5 22. Nxh6+ Qxh6 23. Ne4 Qe6 24. f4 Nd7 25. Qg3 Qf5 26. Ng5 Nc5 27. Qh4
Bc8 28. h3 Rb6 29. Qh5 Qg6 30. Qf3 Ne7 31. Be3 Bb7 32. Qe2 Qc6 33. Rac1 Rb5 34.
a4 Ra5 35. b4 Nd5 36. Bxc5 Rxa4 37. Qh5 Qh6 38. Qxh6 gxh6 39. Ne4 Kf7 40. Ng3
Rg8 41. Bf2 h5 42. Rc4 h4 43. Ne4 Kf8 44. Bxh4 Ne3 45. Rd1 Nxd1 46. e6 Ne3 47.
e7+ Kf7 48. e8=Q+ Rxe8 49. Rxc7+ Kf8 50. Nd6 Ra2 51. Rf7+ Kg8 52. Rxb7 Rxg2+ 53.
Kh1 Re6 54. Rb8+ Kh7 55. Rd8 Reg6 56. Bg5 Rb2 57. h4 Rxb4 58. f5 Rb1+ 59. Kh2
Ng4+ 60. Kg3 Rg1+ 61. Kf3 Rg8 62. Rd7+ Rg7 63. Rd8 Ne5+ 64. Kf2 Rb1 65. Ne8 Rb2+
66. Kg3 Rgb7 67. Kf4 Nc6 68. Nf6+ Kg7 69. Rd6 R7b4+ 70. Kg3 Ne5 71. Nh5+ Kf7 72.
Rf6+ Kg8 73. Rxa6 Rg4+ 74. Kh3 Rb3+ 75. Kh2 Nf3+ 76. Kh3 Ne5+ 1/2-1/2

[Event "Indywidualne Mistrzostwa Polski Juniorek - D16"]
[Site "Szczyrk"]
[Date "2013-03-24"]
[Round "8.11"]
[White "Sokolowska, Anna"]
[Black "Wojna, Ewelina"]
[Result "0-1"]
[WhiteTitle "I"]
[BlackTitle "II+"]
[WhiteElo "1526"]
[BlackElo "1572"]

1. d4 d5 2. c4 c6 3. Nf3 Nf6 4. Nbd2 e6 5. g3 Bb4 6. Qc2 O-O 7. Bg2 Nbd7 8. O-O
Bxd2 9. Nxd2 e5 10. dxe5 Nxe5 11. cxd5 cxd5 12. Nf3 Nxf3+ 13. Bxf3 Be6 14. b3
Rc8 15. Qd3 Qd7 16. Bb2 Bf5 17. Qe3 b6 18. Bxf6 gxf6 19. Qd4 Kg7 20. Qxd5 Qxd5
21. Bxd5 Rc2 22. Bc4 Rd8 23. a3 Be6 24. Bd3 Rc3 25. b4 Rdc8 26. Rfb1 h5 27. h4
Bc4 28. Bxc4 R8xc4 29. f3 f5 30. Kf2 Kf6 31. Rd1 Rc7 32. a4 R3c4 33. b5 Rb4 34.
Rdb1 Rcc4 35. a5 bxa5 36. Rxb4 axb4 37. Ra6+ Kg7 38. Rxa7 b3 39. Ra1 b2 40. Rb1
Rb4 41. Ke3 Kf6 42. f4 Ke6 43. Kd3 Kd5 44. Kc3 Rxb5 45. Rxb2 Rxb2 46. Kxb2 Ke4
47. Kc2 Ke3 48. Kd1 Kf2 49. Kd2 Kxg3 50. Ke3 Kg4 51. Kf2 Kxf4 52. Kg2 Ke3 53.
Kf1 f4 54. Ke1 f3 55. exf3 Kxf3 56. Kd2 f5 57. Ke1 Kg2 58. Ke2 f4 59. Ke1 f3 0-1

[Event "Indywidualne Mistrzostwa Polski Juniorek - D16"]
[Site "Szczyrk"]
[Date "2013-03-24"]
[Round "8.12"]
[White "Bebel, Agnieszka"]
[Black "Kasperek, Kinga"]
[Result "1/2-1/2"]
[WhiteTitle "II+"]
[BlackTitle "I"]
[WhiteElo "1507"]
[BlackElo "1558"]

1. e4 c5 2. Nf3 Nc6 3. d4 cxd4 4. Nxd4 g6 5. c4 Bg7 6. Be3 Nh6 7. Nc3 O-O 8. Be2
d6 9. O-O f5 10. f3 f4 11. Bf2 Nf7 12. Qd2 Nfe5 13. Rfd1 Bd7 14. a3 Rc8 15. b3
Kh8 16. Rac1 g5 17. Nd5 b6 18. Nb5 Be6 19. b4 Nd7 20. Kh1 a6 21. Nbc3 Nce5 22.
Na4 Bxd5 23. Qxd5 h5 24. c5 b5 25. Nb6 Rc6 26. a4 Nf6 27. Qb3 g4 28. axb5 axb5
29. Bxb5 gxf3 30. gxf3 Rc7 31. Qe6 Ne8 32. Qh3 Nf6 33. Bh4 Rb7 34. Rc2 Ra7 35.
Ba4 Qb8 36. Rg1 Rxa4 37. Nxa4 Qxb4 38. Nb2 Qb3 39. Rgg2 Qxf3 40. Qxf3 Nxf3 41.
Bxf6 Bxf6 42. Rgf2 Nd4 43. Rc4 dxc5 44. Rxf4 Ne6 45. Rf2 Rg8 46. Nd3 Bd4 47. Rg2
Rf8 48. Rg3 Kh7 49. Ra4 Nf4 50. Nc1 Ng6 51. Nd3 Nf4 52. Nc1 Ng6 1/2-1/2

[Event "Indywidualne Mistrzostwa Polski Juniorek - D16"]
[Site "Szczyrk"]
[Date "2013-03-24"]
[Round "8.13"]
[White "Wilk, Oktawia"]
[Black "Ziemba, Magdalena"]
[Result "1/2-1/2"]
[WhiteTitle "I"]
[BlackTitle "I"]
[WhiteElo "1506"]
[BlackElo "1537"]

1. e4 e6 2. d4 d5 3. exd5 exd5 4. Bd3 Nc6 5. Nf3 Bg4 6. c3 Bd6 7. O-O Qd7 8. Be3
Nge7 9. Nbd2 O-O 10. Qc2 f5 11. Bg5 Ng6 12. h3 Bh5 13. Nh4 Nxh4 14. Bxh4 h6 15.
f4 Rae8 16. Rae1 Rxe1 17. Bxe1 Qe6 18. g3 Ne7 19. Bf2 Qf6 20. Re1 g5 21. fxg5
hxg5 22. Nf1 f4 23. g4 Bg6 24. Bxg6 Nxg6 25. Qe2 Kg7 26. Qf3 c6 27. Nd2 Rf7 28.
a3 Re7 29. Rxe7+ Qxe7 30. Qd3 Qe6 31. Nf3 Kf6 32. Nd2 Bc7 33. Kg2 Bd6 34. Kg1
Bc7 35. Kg2 Bd6 36. Kg1 Bc7 37. Kg2 1/2-1/2

[Event "Indywidualne Mistrzostwa Polski Juniorek - D16"]
[Site "Szczyrk"]
[Date "2013-03-24"]
[Round "8.14"]
[White "Lapa, Aleksandra"]
[Black "Rogacka, Natalia"]
[Result "1/2-1/2"]
[WhiteTitle "I"]
[BlackTitle "II+"]
[WhiteElo "1549"]
[BlackElo "1484"]

1. c4 Nf6 2. Nc3 g6 3. g3 Bg7 4. Bg2 O-O 5. e3 d6 6. Nge2 e5 7. O-O Nbd7 8. Rb1
Rb8 9. b4 Nh5 10. d3 f5 11. Qc2 Nhf6 12. a4 Bh6 13. a5 Ne8 14. b5 Ng7 15. Bd2
Kh8 16. Rb2 Ne6 17. d4 Bg7 18. d5 Nec5 19. Ra2 e4 20. Na4 Nxa4 21. Rxa4 Nc5 22.
Rb4 Nd3 23. Rb3 Nc5 24. Ra3 Rf7 25. Bc3 Bxc3 26. Qxc3+ Qf6 27. Qxf6+ Rxf6 28.
Nd4 Rf8 29. Rb1 Re8 30. Bf1 Kg8 31. Nb3 Nxb3 32. Raxb3 Bd7 33. R3b2 Kf7 34. Be2
Kf6 35. h4 h5 36. Kg2 Rbc8 37. a6 b6 38. Bd1 Re7 39. Be2 Ree8 40. Bd1 Re7 1/2-1/2